Bullying : criar con confianza en una sociedad violenta /

Guardado en:
Autor Principal: Tomaello, Flavia.
Formato: Libro
Publicado: Buenos Aires : Albatros, 2014.
Materias:
Etiquetas: Agregar Etiqueta
Sin Etiquetas, Sea el primero en etiquetar este registro!
LEADER 00488nam a22001575a 4500
001 CEM.cems009681
008 130507s2014##################000#0#####d
005 20230621102210.0
245 1 0 |a Bullying :  |b criar con confianza en una sociedad violenta /  |c Flavia Tomaello. 
260 |a Buenos Aires :  |b Albatros,  |c 2014. 
300 |a 128 p. 
100 1 |a Tomaello, Flavia. 
082 0 4 |a 371.5 
653 |a Bullying 
653 |a Derechos humanos 
859 |a CEMS  |b BIB. CEMS - 11 de abril  |h 371.5  |i T59  |p 19896.98  |t Ej.1